00190nam a2200073Ia 4500082001900000245001300019100004300032008004100075 aMERM-PCRL-PEZL 0aMacbeth  a SHAKESPEARE, William Harlow, 1999 210817s9999 xx 000 0 und d